|
|
|
|
| LEADER |
00000nab a2200000 a 4500 |
| 001 |
vtls000659165 |
| 003 |
SK-MaSNL |
| 005 |
20260304090454.0 |
| 008 |
250425c1998 xo 0 slo |
| 015 |
|
|
|a SNBRB1998/05-12887
|
| 035 |
|
|
|a CLN000011357
|
| 035 |
|
|
|a urn:nbn:sk:snk-abhyl
|
| 035 |
|
|
|a (urnnbn)urn:nbn:sk:snk:ar-a039lx
|
| 035 |
|
|
|a (uuid)315f60cb-3a68-46c7-aeef-4ec8ac893505
|
| 040 |
|
|
|a SNKBUCL
|b slo
|c SNKBUCL
|e AACR2
|
| 041 |
0 |
|
|a slo
|
| 044 |
|
|
|a xo
|c SK
|
| 080 |
|
|
|a 323.1(437.6=914.99)
|2 1997
|
| 080 |
|
|
|a 397(437.6)
|2 1997
|
| 100 |
1 |
|
|a Kumanová, Zuzana,
|d 1970-
|4 aut
|9 56164
|
| 245 |
1 |
0 |
|a Etnická identifikácia obyvateľov tzv. cigánskej/rómskej kolónie v Plaveckom Štvrtku
|c Zuza Kumanová
|
| 504 |
|
|
|a Res. angl. Bibliogr. odkazy
|
| 650 |
0 |
7 |
|a Rómovia
|x identifikácia etnická
|z Plavecký Štvrtok (Slovensko)
|2 snkbucl
|9 1381571
|
| 655 |
|
7 |
|a články z novín a časopisov
|2 snkbucl
|9 267496
|
| 773 |
0 |
|
|t Slovenský národopis
|g Roč. 46, č. 1 (1998), s. 42-59
|x 1335-1303
|
| 850 |
|
|
|a Slovenská národná knižnica
|
| 852 |
|
|
|a Slovenská národná knižnica
|
| 954 |
|
|
|a odborná, vedecká literatúra pôvodná (slovenská)
|2 lita
|
| 957 |
|
|
|a 106
|
| 958 |
|
|
|a article27
|
| 958 |
|
|
|a NB
|
| 958 |
|
|
|a SK
|
| 958 |
|
|
|a OND
|
| 958 |
|
|
|a EUIPO
|
| 992 |
|
|
|a RBX
|
| 999 |
|
|
|c 2811568
|d 2813498
|